แสดงรายละเอียดบรรณานุกรม
  กลับหน้าหลัก

Brief Record : Get Marc (ISO 2709) : E-mail record : QR code ปิดหน้าต่าง
LEADER 00000nam 2200000uu 4500
001    209925
003     ULIBM
008    140609s2012||||th 000 0 eng d
020    ^a9780763777432
041 0  ^aeng
060 04 ^aWY157^bK29m 2012
100 1  ^aKelsey, Beth M.
245 00 ^aMiwifery & womens health nurse practitioner certification:^bstudy question book /^cBeth M. Kelsey.
246 30 ^aMiwifery and womens health nurse practitionercertification.
250    ^a2nd ed.
260    ^aSudbury, MA :^bJones & Bartlett Learning,^c2012.
300    ^avii, 94 p. :^bill. ;^c25 cm.
650  2 ^aWomens Health^xExamination Questions.
650  2 ^aPregnancy Complications^xnursing^xExamination Questions.
650  2 ^aNurse Midwives^xExamination Questions.
650  2 ^aGenital Diseases, Female^xnursing^xExamination Questions.
650  2 ^aMidwifery^xExamination Questions
999    ^aใช้งานได้ทุกระบบ
รายการนี้ยังไม่มีแท็ก
คุณยังไม่ได้ล็อกอิน คุณสามารถมีกิจกรรมร่วมกับเว็บไซต์ได้ แต่ต้องล็อกอินก่อน ::
  ล็อกอิน
ลำดับที่ ประเภท เลขเรียก สถานที่ สถานะ
1. หนังสือทั่วไป
หนังสือทั่วไป
WY157 K29m 2012  
  
การพยาบาลมารดาทารก On Shelf
  ขอยืม
Note:ปีงบประมาณ 2557
   [แสดง 1/1 รายการ]

BibComment


ยังไม่เคยถูกคอมเมนท์

คอมเมนท์ทรัพยากรรายการนี้
  คอมเมนท์: Miwifery womens..
Bib 209925

 
 
 

 Union Library Management : ULibM
Copyright 2026. All Rights Reserved.
скачать бесплатно без регистрации порно красивый секс HD Sex Hindi sex

xxx gou

xxxx

bfxxx

xxxwww

Секса Видео

xxxx

Секса Видео

detube

geilexxx

C99 Shell

worms shell

blod xxx video
Ebony Coed Rihanna Rimes Takes A Dick In Her Young Twat priyaa indian fuck anal and pusssy hardcore indian women xxx desi hardcore fucking part 1 bengalixxxcouple